| 000 | 00615cam a2200193 4500 | ||
|---|---|---|---|
| 008 | 000000n1996 000 0 eng u | ||
| 020 | _a0580267083 | ||
| 035 | _a(Sirsi) u110117 | ||
| 110 |
_aBritish Standards Institution _9130 |
||
| 245 | _aImplementation of ISO 14001: 1996. Environmental management systems: specification with guidance for use. | ||
| 260 |
_aLondon _bBSI _c1996 |
||
| 300 | _aii,16p. ; 30cm. | ||
| 350 | _a50.00 | ||
| 490 |
_aBS EN ISO _v14001: 1996 |
||
| 650 | _aENVIRONMENTAL MANAGEMENT SYSTEMS | ||
| 650 | _aSTANDARDS | ||
| 690 | _aENVIRONMENTAL AND LAND CONSULTANCY | ||
| 942 | _n0 | ||
| 999 |
_c101053 _d101053 |
||